One Capital by Letter by Continent - Statistics

General Stats
  • This quiz has been taken 16,941 times
  • The average score is 54 of 84
Answer Stats
Capital % Correct
Amsterdam, Andorra la Vella, Athens Amsterdam + 2
94%
Belgrade, Berlin, Bern, Bratislava, Brussels, Bucharest, Budapest Belgrade + 6
94%
Baghdad, Baku, Bandar Seri Begawan, Bangkok, Beijing, Beirut, Bishkek Baghdad + 6
89%
Bogotá, Brasília, Buenos Aires Bogotá + 2
88%
Abu Dhabi, Amman, Ankara, Ashgabat, Astana Abu Dhabi + 2
86%
Abuja, Accra, Addis Ababa, Algiers, Antananarivo, Asmara Abuja + 5
85%
Cairo, Cape Town, Ciudad de la Paz, Conakry, Cotonou Cairo + 4
84%
Lisbon, Ljubljana, London, Luxembourg Lisbon + 3
84%
Madrid, Minsk, Monaco, Moscow Madrid + 3
84%
Chișinău, Copenhagen Chișinău + 1
83%
Paris, Podgorica, Prague, Pristina Paris +3
81%
Canberra Canberra
79%
Oslo Oslo
79%
Reykjavík, Riga, Rome Reykjavík + 2
79%
San Marino, Sarajevo, Skopje, Sofia, Stockholm San Marino + 4
79%
Damascus, Dhaka, Dili, Doha, Dushanbe Damascus + 4
78%
Vaduz, Valletta, Vatican City, Vienna, Vilnius Vaduz + 4
78%
Helsinki Helsinki
77%
Jakarta, Jerusalem Jakarta + 1
77%
La Paz, Lima La Paz + 1
77%
Dublin Dublin
75%
Managua, Mexico City Managua + 1
75%
Taipei, Tashkent, Tbilisi, Tehran, Thimphu, Tokyo Taipei + 5
75%
Asunción Asunción
74%
Caracas Caracas
74%
Kabul, Kathmandu, Kuala Lumpur, Kuwait City Kabul + 3
74%
Dakar, Djibouti, Dodoma Dakar + 2
73%
Sana'a, Seoul, Singapore, Sri Jayawardenapura Kotte Sana'a + 3
72%
Warsaw Warsaw
72%
Malé, Manama, Manila, Muscat Malé + 3
71%
Ottawa Ottawa
71%
Washington D.C. Washington D.C.
71%
Zagreb Zagreb
71%
Panama City, Port-au-Prince, Port-of-Spain Panama City + 2
70%
Quito Quito
70%
Bamako, Bangui, Banjul, Bissau, Bloemfontein, Brazzaville Bamako + 5
69%
Hanoi Hanoi
69%
Kampala, Khartoum, Kigali, Kinshasa Kampala + 3
68%
Montevideo Montevideo
68%
N'Djamena, Nairobi, Niamey, Nouakchott N'Djamena + 3
68%
Santiago, Sucre Santiago + 1
68%
Wellington Wellington
68%
Kyiv Kyiv
67%
Tallinn, Tirana Tallinn + 1
67%
Havana Havana
66%
Islamabad Islamabad
66%
Libreville, Lilongwe, Lomé, Luanda, Lusaka Libreville + 4
64%
Phnom Penh, Pyongyang Phnom Penh + 1
64%
Basseterre, Belmopan, Bridgetown, Basseterre + 1
63%
Georgetown Georgetown
63%
Guatemala City Guatemala City
63%
Maputo, Maseru, Mbabane, Mogadishu, Monrovia, Moroni Maputo + 5
63%
Ulaanbaatar Ulaanbaatar
63%
Kingston, Kingstown Kingston + 1
62%
Naypyidaw, New Delhi, Nicosia Naypyidaw + 2
62%
Saint George's, Saint John's, San José, San Salvador, Santo Domingo Saint George's + 4
62%
Tripoli, Tunis Tripoli + 1
61%
Port Louis, Porto-Novo, Praia, Pretoria Port Louis + 3
59%
Riyadh Riyadh
56%
Freetown Freetown
55%
Paramaribo Paramaribo
53%
Apia Apia
52%
Palikir, Port Moresby, Port Vila Palikir + 2
52%
Rabat Rabat
52%
Juba Juba
50%
Harare Harare
49%
Gaborone, Gitega Gaborone + 1
48%
Nassau Nassau
48%
Yerevan Yerevan
48%
Funafuti Funafuti
47%
Vientiane Vientiane
47%
Ouagadougou Ouagadougou
45%
South Tarawa, Suva South Tarawa + 1
45%
Yamoussoukro, Yaoundé Yamoussoukro + 1
45%
Windhoek Windhoek
44%
Castries Castries
42%
Honiara Honiara
42%
Tegucigalpa Tegucigalpa
42%
Ngerulmud, Nukuʻalofa Ngerulmud + 1
38%
Roseau Roseau
36%
Victoria Victoria
36%
Yaren Yaren
36%
São Tomé São Tomé
35%
Majuro Majuro
32%
No matching quizzes found
Score Distribution
Percent of People with Each Score
Percentile by Number Answered
Your Score History
You have not taken this quiz